Труды Института. Вып. 89: Международная научно-практическая конференция, посвященная 50-летию ВНИКТИ "Современные тенденции развития подвижного состава железных дорог" (Запись № 3116323)
[ простой вид ]
| 000 -МАРКЕР | |
|---|---|
| контрольное поле | 02322nam2a22003131 4500 |
| 001 - ИДЕНТИФИКАТОР ЗАПИСИ | |
| контрольное поле | RU\NLR\Per\611811 |
| 005 - ИДЕНТИФИКАТОР ВЕРСИИ | |
| контрольное поле | 20090703104825.2 |
| 035 ## - ДРУГИЕ СИСТЕМНЫЕ НОМЕРА | |
| Идентификатор записи | (NLR Aleph) 002862511 |
| 100 ## - ДАННЫЕ ОБЩЕЙ ОБРАБОТКИ | |
| Данные общей обработки | 20090609d2008 |||y0rusy50 ca |
| 101 0# - ЯЗЫК РЕСУРСА | |
| Язык текста, звукозаписи и т.д. | русский |
| 102 ## - СТРАНА ПУБЛИКАЦИИ ИЛИ ПРОИЗВОДСТВА | |
| Страна публикации | Российская Федерация |
| 105 ## - ПОЛЕ КОДИРОВАННЫХ ДАННЫХ: ТЕКСТОВЫЕ МАТЕРИАЛЫ, МОНОГРАФИЧЕСКИЕ | |
| Кодированные данные о монографическом текстовом документе | y ||||||||| |
| 200 1# - ЗАГЛАВИЕ И СВЕДЕНИЯ ОБ ОТВЕТСТВЕННОСТИ | |
| Основное заглавие | Международная научно-практическая конференция, посвященная 50-летию ВНИКТИ "Современные тенденции развития подвижного состава железных дорог" |
| Сведения, относящиеся к заглавию | сборник докладов и статей |
| Первые сведения об ответственности | Под ред. д.т.н., проф. В.С. Коссова |
| 210 ## - ПУБЛИКАЦИЯ, РАСПРОСТРАНЕНИЕ И ДР. | |
| Дата издания, распространения и т.д. | 2008 |
| 215 ## - ФИЗИЧЕСКАЯ ХАРАКТЕРИСТИКА | |
| Специфическое обозначение материала и объем | 207 с. |
| Другие сведения о физической характеристике | ил., портр. |
| Размеры | 29 |
| 320 ## - ПРИМЕЧАНИЯ О НАЛИЧИИ В ДОКУМЕНТЕ БИБЛИОГРАФИИ / УКАЗАТЕЛЯ | |
| Текст примечания | Библиогр. в конце докл. |
| 461 #0 - УРОВЕНЬ НАБОРА | |
| Встроенное поле | 001RU\NLR\INFOCOMM9\5000116498 |
| -- | 2001#$aТруды Института$fФедерал. гос. унитар. предприятие "Всерос. н.-и. и конструкт.-технол. ин-т подвиж. состава" (ФГУП ВНИКТИ МПС России)$vВып. 89 |
| Системный номер (АБИС) связанной записи | 4157655 |
| Автор | Всероссийский научно-исследовательский и конструкторско-технологический институт подвижного состава (Коломна) |
| Место публикации | Коломна |
| Дата публикации | 2002 - 2009 |
| Первые сведения об ответственности | Федерал. гос. унитар. предприятие "Всерос. н.-и. и конструкт.-технол. ин-т подвиж. состава" (ФГУП ВНИКТИ МПС России) |
| Имя издателя, распространителя и т.д. | ФГУП ВНИКТИ МПС России |
| Заглавие | Труды Института |
| ISSN | 0452-358X |
| Номер тома | Вып. 89 |
| 606 1# - НАИМЕНОВАНИЕ ТЕМЫ КАК ПРЕДМЕТ | |
| Наименование темы | Подвижной состав (ж.-д.) |
| Формальный подзаголовок | Съезды, совещания и т.п. |
| Системный номер авторитетной/нормативной записи | 2082945 |
| Идентификатор авторитетной/нормативной записи | RU\NLR\AUTH\661258985 |
| 686 1# - ИНДЕКСЫ ДРУГИХ КЛАССИФИКАЦИЙ | |
| Индекс | О22я431(0) |
| 702 #1 - ИМЯ ЛИЦА - ВТОРИЧНАЯ ОТВЕТСТВЕННОСТЬ | |
| Начальный элемент ввода | Коссов |
| Часть имени, кроме начального элемента ввода | В. С. |
| Код отношения | Редактор |
| 710 12 - НАИМЕНОВАНИЕ ОРГАНИЗАЦИИ - ПЕРВИЧНАЯ ОТВЕТСТВЕННОСТЬ | |
| Начальный элемент ввода | "Современные тенденции развития подвижного состава железных дорог", международная научно-практическая конференция |
| Место проведения временной организации | Коломна |
| Дата проведения временной организации | 2008 |
| Системный номер авторитетной/нормативной записи | 749861 |
| Идентификатор авторитетной/нормативной записи | RU\NLR\AUTH\8810126246 |
| 801 #0 - ИСТОЧНИК ЗАПИСИ | |
| Страна | Российская Федерация |
| Организация | NLR |
| Правила каталогизации | PSBO |
| 801 #1 - ИСТОЧНИК ЗАПИСИ | |
| Страна | Российская Федерация |
| Организация | InfoComm |
| Дата составления | 20040122 |
| 852 ## - МЕСТОНАХОЖДЕНИЕ И ШИФР ХРАНЕНИЯ | |
| Идентификатор организации | NLR |
| Шифр хранения (Call Number) | П10/2380 |
| 942 ## - ДОПОЛНИТЕЛЬНЫЕ ЭЛЕМЕНТЫ ЗАПИСИ (АБИС) | |
| Тип экземпляра АБИС | Выпуск |
| 980 ## - КОЛЛЕКЦИЯ | |
| Название коллекции | Национальная библиография |
| 980 ## - КОЛЛЕКЦИЯ | |
| Название коллекции | Русская периодика |
Нет доступных экземпляров.